| 000 | 00764cam a2200241 a 4500 | ||
|---|---|---|---|
| 999 |
_c3984 _d3984 |
||
| 001 | 17755 | ||
| 003 | BD-DhUAP | ||
| 005 | 20200316105748.0 | ||
| 008 | 200301s1998 bg abf b f000 0 eng | ||
| 020 | _a9780333912348 | ||
| 040 |
_aBD-DhUAP _cBD-DhUAP _dBD-DhUAP _bEng |
||
| 082 |
_a822.34 JON _223 |
||
| 100 | _aJonson, Ben. | ||
| 245 |
_aVolpone : _bor, the Fox / _cBen Jonson ; edited by M. G. Nayar. |
||
| 260 |
_aNew Delhi : _bMacmillan, _cc1979 [Reprinted 2011]. |
||
| 300 |
_axxxiii, 255 pages ; _c19 cm. |
||
| 504 | _aIncludes bibliographical references and index. | ||
| 650 |
_aInheritance and succession _vDrama. |
||
| 650 |
_aExtortion _vDrama. |
||
| 700 | _aNayar, M. G. | ||
| 942 |
_2ddc _cBK |
||